Fábulas de Iriarte / (Registro nro. 6627)

Detalles MARC
000 -LEADER
fixed length control field 00965nam a22002537a 4500
003 - CONTROL NUMBER IDENTIFIER
control field OSt
005 - DATE AND TIME OF LATEST TRANSACTION
control field 20200303111710.0
008 - FIXED-LENGTH DATA ELEMENTS--GENERAL INFORMATION
fixed length control field 200303b ||||| |||| 00| 0 eng d
040 ## - CATALOGING SOURCE
Original cataloging agency CO-JMCR
Transcribing agency CO-JMCR
082 04 - DEWEY DECIMAL CLASSIFICATION NUMBER
Classification number C /
Item number IRIf
100 1# - MAIN ENTRY--PERSONAL NAME
Personal name Iriarte, Tomás de,
Relator term autor
9 (RLIN) 1095
245 10 - TITLE STATEMENT
Title Fábulas de Iriarte /
Statement of responsibility, etc. Tomás de Iriarte ; ilustraciones por Olga Cuéllar
250 ## - EDITION STATEMENT
Edition statement Primera edición
260 ## - PUBLICATION, DISTRIBUTION, ETC.
Place of publication, distribution, etc. Bogotá :
Name of publisher, distributor, etc. Alcaldía Mayor de Bogotá : Instituto Distrital de la Artes IDARTES,
Date of publication, distribution, etc. 2016
300 ## - PHYSICAL DESCRIPTION
Extent 79 páginas :
Other physical details ilustraciones a blanco y negro ;
Dimensions 17 cm.
490 0# - SERIES STATEMENT
Series statement Libro al viento inicial ;
Volume/sequential designation 115
500 ## - GENERAL NOTE
General note Incluye notas a pie de página.
504 ## - BIBLIOGRAPHY, ETC. NOTE
Bibliography, etc. note Bibliografía: página 10
505 0# - FORMATTED CONTENTS NOTE
Formatted contents note No las primeras pero sí las originales -- Fábulas de Iriarte
650 14 - SUBJECT ADDED ENTRY--TOPICAL TERM
Topical term or geographic name entry element Fábulas españolas
Chronological subdivision Siglo XVIII
9 (RLIN) 1096
650 14 - SUBJECT ADDED ENTRY--TOPICAL TERM
Topical term or geographic name entry element Animales
General subdivision cuentos y leyendas
9 (RLIN) 1097
700 1# - ADDED ENTRY--PERSONAL NAME
Personal name Cuéllar, Olga,
Relator term ilustradora
9 (RLIN) 1085
942 ## - ADDED ENTRY ELEMENTS (KOHA)
Source of classification or shelving scheme Dewey Decimal Classification
Koha item type Books
Existencias
Withdrawn status Lost status Source of classification or shelving scheme Damaged status Not for loan Collection code Home library Current library Shelving location Date acquired Source of acquisition Cost, normal purchase price Total Checkouts Full call number Barcode Date last seen Date last checked out Copy number Price effective from Koha item type
    Dewey Decimal Classification     Fiction Biblioteca Pública José María del Castillo y Rada Biblioteca Pública José María del Castillo y Rada Processing Center 12/19/2019 Donación 0.00 7 C / IRIf 201809731 10/01/2025 09/30/2025 Ej.1 03/03/2020 Books